Most Appearances in the MLS Cup Finals - Statistics

General Stats
  • This quiz has been taken 27 times
  • The average score is 7 of 10
Answer Stats
# of Appearances # of Wins Club % Correct
10 6 LA Galaxy
94%
4 2 Seattle Sounders FC
89%
3 1 Chicago Fire FC
78%
4 3 Columbus Crew SC
78%
3 1 Portland Timbers
78%
4 2 Houston Dynamo FC
72%
5 0 New England Revolution
72%
3 1 Toronto FC
67%
3 2 Sporting Kansas City
56%
5 4 D.C. United
44%
No matching quizzes found
Score Distribution
Percent of People with Each Score
Percentile by Number Answered
Your Score History
You have not taken this quiz